| Tag |
First Indicator |
Second Indicator |
Subfields |
| LEADER |
00000cam a2200000 4500 |
| 001 |
in00000086134 |
| 005 |
20151008062549.0 |
| 008 |
740918s1953 ca a 00000 eng |
| 010 |
|
|
|a 54000238
|
| 035 |
|
|
|a (OCoLC)01014225
|
| 035 |
|
|
|9 AAK0487AM
|
| 040 |
|
|
|c IVD
|d TXA
|d UtOrBLW
|
| 049 |
|
|
|a TXAM
|c 1 [1417350], 2 [247517]
|
| 050 |
0 |
0 |
|a F1065.U4
|b Y8
|
| 082 |
0 |
|
|a 325.24770971
|
| 090 |
|
|
|a F1065.U4
|b Y8 1953a
|
| 100 |
1 |
|
|a Yuzyk, Paul,
|d 1913-1986.
|
| 245 |
1 |
4 |
|a The Ukrainians in Manitoba ;
|b a social history /
|c Issued under the auspices of the Historical and Scientific Society of Manitoba.
|
| 264 |
|
1 |
|a [Toronto] :
|b University of Toronto Press,
|c 1953.
|
| 300 |
|
|
|a 232 pages :
|b illustrations ;
|c 24 cm.
|
| 336 |
|
|
|a text
|b txt
|2 rdacontent
|
| 337 |
|
|
|a unmediated
|b n
|2 rdamedia
|
| 338 |
|
|
|a volume
|b nc
|2 rdacarrier
|
| 490 |
1 |
|
|a Scholarly reprint series
|
| 504 |
|
|
|a Includes bibliography.
|
| 650 |
|
0 |
|a Ukrainians
|z Manitoba.
|
| 830 |
|
0 |
|a Scholarly reprint series.
|
| 999 |
|
|
|a MARS
|
| 999 |
f |
f |
|s 05c815c7-a84f-3452-8e74-c133909b101e
|i 894dbdb1-bac3-3889-bed4-aedd67144ef7
|t 0
|
| 952 |
f |
f |
|p normal
|a Texas A&M University
|b College Station
|c Sterling C. Evans Library
|d Evans: Library Stacks
|t 0
|e F1065.U4 Y8 1953a
|h Library of Congress classification
|i unmediated -- volume
|m A14806110892
|
| 998 |
f |
f |
|a F1065.U4 Y8 1953a
|t 0
|l Evans: Library Stacks
|